000 00632cam a22002291 4500
001 sa 63001413
003 DLC
005 20260227111927.0
008 821215s1925 xx 000 0 eng
010 _asa 63001413
035 _a(OCoLC)16762841
040 _aDLC
_cOrPS
_dDLC
042 _apremarc
050 0 0 _aPK1985
_b.A913
110 2 _aAziz-ur-Rahman.
240 0 0 _aConversational exercises.
_lEnglish.
245 0 0 _aEnglish translation of the Conversational exercises.
250 _a1st ed.
260 _aDehli,
_c1925.
300 _a128 p.
_c18 cm.
650 0 _aHindustani language
_xConversation and phrase books.
999 _c53951
_d53951